000 00725nam a2200229Ia 4500
005 20241216010101.0
008 180423s9999||||xx |||||||||||||| ||und||
020 _a84-7509-933-5
082 _a371.3944
_bB84
100 _aBROCKETT, RALPH G. Y OTRO
245 0 _aEL APRENDIZAJE AUTODIRIGIDO EN LA EDUCACION DE ADULTOS
_bPERSPECTIVAS TEORICAS, PRACTICAS Y DE INVESTIGACION
250 _a0
260 _aBARCELONA-ESPAÑA
_bPAIDOS
_c1993
300 _a336 pag.
_c22 cm
341 _h102.29
490 _v0
_a0
505 _aCONOCIMIENTO-ORIENTACION/APRENDIZAJE DE ADULTOS-AUTODIRECCIO
541 _aC
_bLIBRERIA SAN CRISTOBAL
_d20-Nov-96
_odólar
650 _aCIENCIAS SOCIALES
856 _zHumanidades
942 _cLIBRO
999 _c5105
_d5105